Adolescence : Continuity, change, and diversity

This text provides a comprehensive survey of the research findings and theories of adolescent development, and shows how this information can be applied to help adolescents meet the challenges they face as they grow into adulthood. Developmental implications of ethnic, cultural, and socioeconomic di...

Deskribapen osoa

Gorde:
Xehetasun bibliografikoak
Egile nagusia: Cobb, Nancy J.
Formatua: Liburua
Hizkuntza:Undetermined
Argitaratua: Boston, MA. McGraw-Hill 2004
Gaiak:
Etiketak: Etiketa erantsi
Etiketarik gabe, Izan zaitez lehena erregistro honi etiketa jartzen!
Thư viện lưu trữ: Trung tâm Học liệu Trường Đại học Cần Thơ
LEADER 01082nam a2200229Ia 4500
001 CTU_213516
008 210402s9999 xx 000 0 und d
082 |a 305.235 
082 |b C653 
100 |a Cobb, Nancy J. 
245 0 |a Adolescence : 
245 0 |b Continuity, change, and diversity 
245 0 |c Nancy J. Cobb. 
260 |a Boston, MA. 
260 |b McGraw-Hill 
260 |c 2004 
520 |a This text provides a comprehensive survey of the research findings and theories of adolescent development, and shows how this information can be applied to help adolescents meet the challenges they face as they grow into adulthood. Developmental implications of ethnic, cultural, and socioeconomic differences are integrated into every chapter, and similarities and differences between early and late adolescent development are discussed throughout the text. 
650 |a Adolescence,Adolescent psychology,Teenagers 
650 |z United States 
904 |i Qhieu 
910 |a AV.004986 AV.004988 AV.004990 
980 |a Trung tâm Học liệu Trường Đại học Cần Thơ